A report of the survey of preferances and aspirations of students in Nagaland (Record no. 477104)

000 -LEADER
fixed length control field 00451cam a22001337a 4500
008 - FIXED-LENGTH DATA ELEMENTS--GENERAL INFORMATION
fixed length control field 180718bn.d. xxu||||| |||| 00| 0 eng d
082 ## - DEWEY DECIMAL CLASSIFICATION NUMBER
Classification number P2x54112 N131
245 ## - TITLE STATEMENT
Title A report of the survey of preferances and aspirations of students in Nagaland
Statement of responsibility, etc. by Naga Institute of Culture, Kohima
260 ## - PUBLICATION, DISTRIBUTION, ETC.
Place of publication, distribution, etc. Kohima
Name of publisher, distributor, etc. N.I.C.
Date of publication, distribution, etc. n.d.
300 ## - PHYSICAL DESCRIPTION
Extent v.p.
500 ## - GENERAL NOTE
General note Cyclostyled
650 ## - SUBJECT ADDED ENTRY--TOPICAL TERM
Topical term or geographic name entry element Students - India - Nagaland
700 ## - ADDED ENTRY--PERSONAL NAME
Personal name Naga Institute of Culture, Kohima
Holdings
Withdrawn status Lost status Damaged status Not for loan Permanent Location Current Location Date acquired Full call number Barcode Date last seen Price effective from Koha item type
        Indian Institute of Public Administration Indian Institute of Public Administration 2018-08-04 P2x54112 N131 GR9197 2018-08-04 2018-08-04 GR

Powered by Koha